| 000 | 01241nam0a22002651 4500 | ||
|---|---|---|---|
| 001 | rc\4208600 | ||
| 005 | 20260407111211.0 | ||
| 021 |
_aRU _b[46-13160] |
||
| 035 | _a(NLR Aleph) 008207195 | ||
| 090 |
_a8073642 _c8073642 |
||
| 100 | _a20130415d1946 |||y0rusy50 ca | ||
| 101 | 0 | _arus | |
| 102 | _aRU | ||
| 105 | _aa z ||||| | ||
| 200 | 1 |
_aПриказ о подготовке угольных разрезов треста Богословскуголь к зиме 1946/47 г. (№ 109/а от 20-го мая 1946 г.) _fМинистерство угольной пром-сти вост. р-нов СССР |
|
| 210 |
_aМосква _cтип. Министерства угольной пром-сти вост. р-нов СССР _d1946 |
||
| 215 |
_a35 с., 2 л. табл., без тит. л. _d21 |
||
| 606 |
_aУгольная промышленность _yВосточные районы СССР _2psbo |
||
| 606 |
_aУгледобыча _2psbo |
||
| 710 | 0 | 1 |
_aСССР _bМинистерство угольной промышленности восточных районов _3RU\NLR\AUTH\889939130 _9373140 |
| 801 | 0 |
_aRU _bNLR _gpsbo |
|
| 801 | 1 |
_aRU _bELAR _2rusmarc |
|
| 852 |
_aNLR _jЭк40 Г-4/255 |
||
| 942 | _cBOOK | ||
| 980 | _aNB | ||